LEADER 01467nam0-22004451i-450- 001 990005544280203316 005 20060830120000.0 035 $a000554428 035 $aUSA01000554428 035 $a(ALEPH)000554428USA01 035 $a000554428 100 $a20060607d2006-------|0enac50------ba 101 $aeng 102 $aUS 105 $a|||| ||||| 200 1 $aModes of parametric statistical inference$fSeymour Geisser$gwith the assistance of Wesley Johnson 210 $aHoboken, N.J.$cWiley Interscience$dc2006 215 $aXV, 192 p.$d24 cm. 225 2$aWiley series in probability and statistics 410 1$12001$aWiley series in probability and statistics 606 $aStatistica matematica$2FI 606 $aProbabilità$2FI 606 $aDistribuzione$xTeorie$2FI 620 $dHoboken (New Jersey) 676 $a519.54$cInferenza statistica$v21 700 1$aGEISSER,$bSeymour$0102951 702 1$aJOHNSON,$bWesley 712 $aJohn Wiley & Sons, Inc 801 $aIT$bSOL$c20120104 912 $a990005544280203316 950 $aDIP.TO SCIENZE ECONOMICHE - (SA)$dDS 500 519.54 GEI$e12949 DISES 951 $aDIP.TO SCIENZE ECONOMICHE - (SA)$bDS2006 1F 20060607 951 $a500 519.54 GEI$b12949 DISES 959 $aBK 969 $aDISES 979 $c20121027$lUSA01$h1533 979 $c20121027$lUSA01$h1613 996 $aModes of parametric statistical inference$91131069 997 $aUNISA NUM $aUSA16846 LEADER 00816nam0-22002891i-450 001 990004461300403321 005 20220719131736.0 035 $a000446130 035 $aFED01000446130 035 $a(Aleph)000446130FED01 035 $a000446130 100 $a19990530d1920----km-y0itay50------ba 101 0 $aita 105 $aa-------00--- 200 1 $a<>chimie et la vie$fGeorges Bohn et Anna Drzewina 210 $aParis$cErnest Flammarion$d1920 215 $a275 p.$cill.$d18 cm 225 1 $aBibliothèque de philosophie scientifique 700 1$aBohn,$bGeorges$084827 702 1$aDrzewina,$bAnna 801 0$aIT$bUNINA$gRICA$2UNIMARC 901 $aBK 912 $a990004461300403321 952 $a5/ VI E 3$bbibl.7135$fFLFBC 959 $aFLFBC 996 $aChimie et la vie$9396754 997 $aUNINA LEADER 01329nam a2200301 i 4500 001 991001122059707536 008 090518s2006 maua b 001 0 eng d 020 $a9781580539661 035 $ab13963946-39ule_inst 040 $aDip.to Ingegneria dell'Innovazione$beng 082 0 $a616.1207547$222 245 00$aAdvanced methods and tools for ECG data analysis /$cGari D. Clifford, Francisco Azuaje, Patrick E. McSharry, editors 260 $aBoston :$bArtech House,$cc2006 300 $axv, 384 p. :$bill. ;$c26 cm 440 0$aArtech House engineering in medicine & biology series 504 $aIncludes bibliographical references and index 650 4$aElectrocardiography$xmethods 650 4$aAutomatic Data Processing 650 4$aElectrocardiography$xData processing 700 1 $aClifford, Gari D. 700 1 $aAzuaje, Francisco$eauthor$4http://id.loc.gov/vocabulary/relators/aut$0314953 700 1 $aMcSharry, Patrick 907 $a.b13963946$b28-01-14$c28-03-11 912 $a991001122059707536 945 $aLE026 616.12075 CLI 01.01 2006$g1$i2026000052984$lle026$nProf. Lay Ekuakille / Biblioteca$op$pE98.24$q-$rl$s- $t4$u2$v0$w2$x0$y.i1524460x$z28-03-11 996 $aAdvanced methods and tools for ECG data analysis$91441392 997 $aUNISALENTO 998 $ale026$b18-05-09$cm$da $e-$feng$gmau$h0$i0